Cost and management accounting-I (Record no. 211820)
[ view plain ]
| 000 -LEADER | |
|---|---|
| fixed length control field | 00574nam a2200217Ia 4500 |
| 003 - CONTROL NUMBER IDENTIFIER | |
| control field | OSt |
| 005 - DATE AND TIME OF LATEST TRANSACTION | |
| control field | 20250729101250.0 |
| 008 - FIXED-LENGTH DATA ELEMENTS--GENERAL INFORMATION | |
| fixed length control field | 210719s2020 xx 000 0 und d |
| 040 ## - CATALOGING SOURCE | |
| Transcribing agency | AL |
| 041 ## - LANGUAGE CODE | |
| Language code of text/sound track or separate title | eng |
| 082 ## - DEWEY DECIMAL CLASSIFICATION NUMBER | |
| Classification number | 657.42 SAHC |
| 100 ## - MAIN ENTRY--PERSONAL NAME | |
| Personal name | Saha R G |
| 9 (RLIN) | 41482 |
| 245 ## - TITLE STATEMENT | |
| Title | Cost and management accounting-I |
| 260 ## - PUBLICATION, DISTRIBUTION, ETC. | |
| Place of publication, distribution, etc. | Mumbai |
| Name of publisher, distributor, etc. | Himalaya Publishing House |
| Date of publication, distribution, etc. | 2020 |
| 300 ## - PHYSICAL DESCRIPTION | |
| Extent | viii,284 |
| Other physical details | PB |
| 365 ## - TRADE PRICE | |
| Price amount | 225 |
| Currency code | Rs |
| 700 ## - ADDED ENTRY--PERSONAL NAME | |
| Personal name | Achari, Santhosh V |
| 9 (RLIN) | 220596 |
| 700 ## - ADDED ENTRY--PERSONAL NAME | |
| Personal name | Nagaraj |
| 9 (RLIN) | 220597 |
| 906 ## - LOCAL DATA ELEMENT F, LDF (RLIN) | |
| a | accounting-I ; BCom ; Cost ; management ; sem |
| 942 ## - ADDED ENTRY ELEMENTS (KOHA) | |
| Source of classification or shelving scheme | Dewey Decimal Classification |
| Koha item type | Reference |
| Withdrawn status | Lost status | Source of classification or shelving scheme | Damaged status | Not for loan | Collection code | Home library | Current library | Date acquired | Source of acquisition | Cost, normal purchase price | Total Checkouts | Full call number | Barcode | Date last seen | Price effective from | Koha item type | Shelving location | Total Renewals | Date last checked out | Cost, replacement price |
|---|---|---|---|---|---|---|---|---|---|---|---|---|---|---|---|---|---|---|---|---|
| Dewey Decimal Classification | Commerce | St Aloysius Library | St Aloysius Library | 02/17/2021 | Biblios Book Point, Surathkal-575014 | 225.00 | 657.42 SAHC | 074468 | 02/17/2021 | 02/17/2021 | Book | |||||||||
| Dewey Decimal Classification | Reference Book | Commerce | St Aloysius Library | St Aloysius Library | 02/22/2021 | Biblios Book Point, Surathkal-575014 | General Annual | 225.00 | 2 | 657.42 SAHC | 074634 | 02/24/2022 | 07/19/2021 | Reference | Reference Section | 1 | 01/28/2022 | 225.00 | |||
| Dewey Decimal Classification | Commerce | St Aloysius Library | St Aloysius Library | 11/04/2020 | Biblios Book Point, Surathkal-575014 | General Annual | 225.00 | 657.42 SAHC | 074635 | 07/19/2021 | 07/19/2021 | Book | 225.00 | ||||||||
| Dewey Decimal Classification | Commerce | St Aloysius Library | St Aloysius Library | 11/04/2020 | Biblios Book Point, Surathkal-575014 | General Annual | 225.00 | 1 | 657.42 SAHC | 074636 | 11/18/2022 | 07/19/2021 | Book | 11/03/2022 | 225.00 | ||||||
| Dewey Decimal Classification | Commerce | St Aloysius Library | St Aloysius Library | 11/04/2020 | Biblios Book Point, Surathkal-575014 | General Annual | 225.00 | 8 | 657.42 SAHC | 074637 | 10/14/2025 | 07/19/2021 | Book | 05/03/2025 | 225.00 | ||||||
| Dewey Decimal Classification | Commerce | St Aloysius Library | St Aloysius Library | 11/04/2020 | Biblios Book Point, Surathkal-575014 | General Annual | 225.00 | 657.42 SAHC | 074638 | 07/19/2021 | 07/19/2021 | Book | 225.00 |